Statistics for Mitme maailma riigi pealinna suudad nimetada 15 minutiga

Click here to take the quiz!

General Stats

  • This quiz has been taken 59 times
    (30 since last reset)
  • The average score is 44 of 196

Answer Stats

RiikPealinn% Correct
KreekaAteena
71%
SoomeHelsingi
64%
EestiTallinn
64%
HollandAmsterdam
57%
TürgiAnkara
57%
SaksamaaBerliin
57%
BrasiiliaBrasília
57%
EgiptusKairo
57%
UkrainaKiiev
57%
TaaniKopenhaagen
57%
PortugalLissabon
57%
HispaaniaMadrid
57%
VenemaaMoskva
57%
KanadaOttawa
57%
LätiRiia
57%
ItaaliaRooma
57%
Araabia ÜhendemiraadidAbu Dhabi
50%
ŠveitsBern
50%
SlovakkiaBratislava
50%
BelgiaBrüssel
50%
UngariBudapest
50%
RumeeniaBukarest
50%
JamaicaKingston
50%
MonacoMonaco
50%
IndiaNew Delhi
50%
NorraOslo
50%
HiinaPeking
50%
IslandReykjavik
50%
BulgaariaSofia
50%
RootsiStockholm
50%
JaapanTokyo
50%
LeeduVilnius
50%
AndorraAndorra la Vella
43%
KasahstanAstana
43%
TaiBangkok
43%
SerbiaBelgrad
43%
AustraaliaCanberra
43%
IirimaaDublin
43%
PeruuLima
43%
LuksemburgLuxembourg
43%
MehhikoMexico
43%
ValgeveneMinsk
43%
San MarinoSan Marino
43%
PoolaVarssavi
43%
VaticanVatican
43%
AlžeeriaAlžiir
36%
AserbaidžaanBakuu
36%
ArgentiinaBuenos Aires
36%
MoldovaChișinău
36%
DjiboutiDjibouti
36%
KuubaHavanna
36%
IndoneesiaJakarta
36%
ArmeeniaJerevan
36%
ÜhendkuningriikLondon
36%
PrantsusmaaPariis
36%
Tšehhi VabariikPraha
36%
SingapurSingapur
36%
Põhja-MakedooniaSkopje
36%
Lõuna-KoreaSoul
36%
AustriaViin
36%
Guinea-BissauBissau
29%
KatarDoha
29%
IisraelJeruusalemm
29%
SloveeniaLjubljana
29%
UruguayMontevideo
29%
KüprosNikosia
29%
Põhja-KoreaPyongyang
29%
TšiiliSantiago
29%
Bosnia ja HertsegoviinaSarajevo
29%
AlbaaniaTirana
29%
TuneesiaTunis
29%
MongooliaUlaanbaatar
29%
Ameerika ÜhendriigidWashington D. C.
29%
Uus-MeremaaWellington
29%
HorvaatiaZagreb
29%
NigeeriaAbuja
21%
MadagaskarAntananarivo
21%
IraakBagdad
21%
KõrgõzstanBiškek
21%
ColombiaBogotá
21%
BangladeshDhaka
21%
Ida-TimorDili
21%
GuatemalaGuatemala
21%
Lõuna-SudaanJuba
21%
AfghanistanKabul
21%
NepalKathmandu
21%
Saint Vincent ja GrenadiinidKingstown
21%
FilipiinidManila
21%
KeeniaNairobi
21%
Lõuna-Aafrika VabariikPretoria / Kaplinn / Bloemfontein
21%
KosovoPriština
21%
Antigua ja BarbudaSaint John's
21%
JeemenSanaa
21%
São Tomé ja PríncipeSão Tomé
21%
Sri LankaSri Jayewardenepura Kotte / Colombo
21%
LiechtensteinVaduz
21%
MaltaValletta
21%
LaosVientiane
21%
EtioopiaAddis Ababa
14%
ParaguayAsunción
14%
MaliBamako
14%
Kesk-Aafrika VabariikBangui
14%
BelizeBelmopan
14%
VenezuelaCaracas
14%
SüüriaDamaskus
14%
TadžikistanDušanbe
14%
TuvaluFunafuti
14%
VietnamHanoi
14%
PakistanIslamabad
14%
UgandaKampala
14%
BoliiviaLa Paz / Sucre
14%
OmaanMasqat
14%
EswatiniMbabane
14%
LibeeriaMonrovia
14%
DominicaRoseau
14%
GrenadaSaint George's
14%
El SalvadorSan Salvador
14%
FidžiSuva
14%
TaiwanTaipei
14%
UsbekistanTaškent
14%
IraanTeheran
14%
GruusiaThbilisi
14%
LiibüaTripoli
14%
SeišellidVictoria
14%
GhanaAccra
7%
KuveitAl-Kuwayt
7%
JordaaniaAmman
7%
Saudi AraabiaAr-Riyāḑ
7%
TürkmenistanAsgabat
7%
EritreaAsmara
7%
GambiaBanjul
7%
Saint Kitts ja NevisBasseterre
7%
LiibanonBeirut
7%
Kongo VabariikBrazzaville
7%
BarbadosBridgetown
7%
Saint LuciaCastries
7%
SenegalDakar
7%
Sierra LeoneFreetown
7%
BotswanaGaborone
7%
GuyanaGeorgetown
7%
ZimbabweHarare
7%
MalaisiaKuala Lumpur
7%
GabonLibreville
7%
MalawiLilongwe
7%
TogoLomé
7%
AngolaLuanda
7%
SambiaLusaka
7%
Ekvatoriaal-GuineaMalabo
7%
MaldiividMale
7%
NicaraguaManagua
7%
BahreinManama
7%
MosambiikMaputo
7%
LesothoMaseru
7%
KomooridMoroni
7%
BahamaNassau
7%
PalauNgerulmud
7%
TongaNuku'alofa
7%
Burkina FasoOuagadougou
7%
Mikroneesia LiiduriigidPalikir
7%
PanamaPanama City
7%
SurinameParamaribo
7%
MontenegroPodgorica
7%
HaitiPort-Au-Prince
7%
EcuadorQuito
7%
MarokoRabat
7%
Dominikaani VabariikSanto Domingo
7%
NauruAmetlik pealinn puudub
0%
SamoaApia
0%
BruneiBandar Seri Begawan
0%
GuineaConakry
0%
TansaaniaDodoma
0%
BurundiGitega
0%
SudaanHartum
0%
Saalomoni saaredHoniara
0%
RwandaKigali
0%
Kongo Demokraatlik VabariikKinshasa
0%
Marshalli saaredMajuro
0%
SomaaliaMuqdisho
0%
MyanmarNaypyidaw
0%
TšaadN'Djamena
0%
NigerNiamey
0%
MauritaaniaNouakchott
0%
KambodžaPhnom Penh
0%
MauritiusPort Louis
0%
Paapua Uus-GuineaPort Moresby
0%
Trinidad ja TobagoPort of Spain
0%
BeninPorto-Novo / Cotonou
0%
VanuatuPort Vila
0%
RoheneemesaaredPraia
0%
Costa RicaSan José
0%
KiribatiTarawa South
0%
HondurasTegucigalpa
0%
BhutanThimphu
0%
NamiibiaWindhoek
0%
ElevandiluurannikYamoussoukro
0%
KamerunYaoundé
0%

Score Distribution

Percentile by Number Answered

Percent of People with Each Score

Your Score History

You have not taken this quiz since the last reset